01379nab a22002537a 4500003000400000005001700004008004100021040000700062100002700069245013600096260007200232300001500304500003900319505010400358505030500462505008900767650002000856650002300876650002500899650002800924650002600952650001400978773013300992OSt20260114010602.0190605e xxu||||| |||| 00| 0 spa d cPJ aElmelaj, María Laura10a¿Guiño a los trabajadores accidentados? Los plazos de caducidad locales y su dudosa constitucionalidad /cMaría Laura Elmelaj. aCiudad Autónoma de Buenos Aires :bThomson Reuters La Ley,c2024. ap. 231-235 aCita: TR LALEY AR/DOC/2838/2023.  aSumario: I. Introducción.— II. La sentencia anotada.— III. Comentario.— IV. ¿Comentarios?  aFallos comentados: SC Mendoza, sala II ~ 08/06/2021 ~ Daneri Mancebo, Laura Gabriela c. Asociart, A.R.T. s/ accidente s/ recurso extraordinario. CS ~ 19/10/2023 ~ Daneri Mancebo, Laura Gabriela c. Asociart ART S.A. s/ accidente p/ recurso extraordinario provincial p/ recurso extraordinario federal.  t¿Te interesa el texto completo? Solicitalo al correo: koha@justierradelfuego.gov.ar 0aDERECHO LABORAL 0aCONSTITUCIONALIDAD 0aCOMISIONES MÉDICAS 0aDERECHOS DEL TRABAJADOR 0aACCIDENTES DE TRABAJO 0aCADUCIDAD0 02711dCiudad Autónoma de Buenos Aires : Thomson Reuters La Ley, 1999-2002.tRevista de derecho del trabajo. Nº 1 - Enero 2024